Gaming Quiz

Random Gaming or Mario Quiz

Profile: Mario Quiz Stats

Quiz Updated Apr 13, 2012

Challenge
Share
Tweet
Embed
Score 0/18 Timer 03:00
13 Plays Today
Hint Answer % Correct
BrotherLuigi
96.6%
Main Love InterestPrincess Peach
93.7%
Developing CompanyNintendo
90.1%
ArchnemesisBowser
88.8%
Mushroom-Like FriendToad
87.3%
EthnicityItalian
86.7%
Most Common Power-UpMushroom
85.5%
OccupationPlumber
83.9%
Best Friend/VehicleYoshi
80.3%
Hint Answer % Correct
RivalWario
79.1%
Grants InvincibilityStarman
77.3%
Debut Year1981
68.3%
Fiery Power-UpFire Flower
62.2%
Debut GameDonkey Kong
60.5%
HomelandMushroom Kingdom
44.4%
Original NameJumpman
36%
CreatorShigeru Miyamoto
28.1%
First GirlfriendPauline
21.4%

You're not logged in!

Compare scores with friends on all Sporcle quizzes.
Sign Up with Email
OR
Log In

You Might Also Like...

Show Comments

Extras

Top Quizzes Today


Score Distribution

Your Account Isn't Verified!

In order to create a playlist on Sporcle, you need to verify the email address you used during registration. Go to your Sporcle Settings to finish the process.